The social worker as manager a practical guide to success

Includes bibliographical references and index.; Defining and describing management -- The context of human services management -- Historical origins of current approaches to management -- Planning -- Creating and managing staff diversity -- Promoting a productive work environment -- Staff performanc...

詳細記述

保存先:
書誌詳細
第一著者: Weinbach, Robert W
フォーマット: 図書
言語:Undetermined
主題:
オンライン・アクセス:http://lrc.tdmu.edu.vn/opac/search/detail.asp?aID=2&ID=31486
タグ: タグ追加
タグなし, このレコードへの初めてのタグを付けませんか!
Thư viện lưu trữ: Trung tâm Học liệu Trường Đại học Thủ Dầu Một
LEADER 01127nam a2200181Ia 4500
001 TDMU_31486
008 210410s9999 xx 000 0 und d
082 |a 305.260973 
090 |b W201 
100 |a Weinbach, Robert W 
245 4 |a The social worker as manager 
245 2 |b a practical guide to success 
245 0 |c Robert W. Weinbach 
300 |a xiv, 345 pages 
520 |a Includes bibliographical references and index.; Defining and describing management -- The context of human services management -- Historical origins of current approaches to management -- Planning -- Creating and managing staff diversity -- Promoting a productive work environment -- Staff performance evaluations and personnel actions -- Organizing -- Controlling -- Leading -- Other important management tasks -- Becoming an effective manager.; Neal A. Newfield, Ph.D., LICSW (Giver)  
650 |a Social work administration  |z United States; Quản trị công tác xã hội  |z Mỹ (Hoa Kỳ) 
856 |u http://lrc.tdmu.edu.vn/opac/search/detail.asp?aID=2&ID=31486 
980 |a Trung tâm Học liệu Trường Đại học Thủ Dầu Một